000 00898pam a2200301 i 4500
999 _c1844
_d1844
001 016283847
003 Uk
005 20230207110813.0
008 130225s2013 enkab j 000 1 eng|d
015 _aGBB316964
_2bnb
016 7 _a016283847
_2Uk
020 _a9780007492930 (pbk.) :
040 _aStDuBDS
_beng
_cStDuBDS
_dUk
_dKH8
_erda
042 _aukblcatcopy
082 0 4 _a813.6 CHA
_223
100 1 _aChainani, Soman,
_eauthor.
245 1 4 _aThe school for good and evil /
_cSoman Chainani.
264 1 _aLondon :
_bHarperCollins Children's Books,
_c2013.
300 _a488 pages :
_billustrations, 1 map ;
_c20 cm.
336 _atext
_2rdacontent
337 _aunmediated
_2rdamedia
338 _avolume
_2rdacarrier
490 0 _aSchool for Good and Evil ;
_vbook 1
500 _aFormerly CIP.
_5Uk
655 0 _aFantasy fiction.
655 0 _aChildren's stories.
942 _2ddc
_cNFIC